Countries of Oceania in 1921 - Statistics

General Stats
  • This quiz has been taken 556 times
  • The average score is 5 of 6
Answer Stats
Country % Correct
Australia
95%
New Zealand
94%
Great Britain
90%
France
86%
United States
84%
Japan
72%
No matching quizzes found
Score Distribution
Percent of People with Each Score
Percentile by Number Answered
Your Score History
You have not taken this quiz